| 000 | 01080cam a2200313 a 4500 | ||
|---|---|---|---|
| 999 |
_c21288 _d21288 |
||
| 001 | 14406283 | ||
| 003 | OSt | ||
| 005 | 20200605121535.0 | ||
| 008 | 060519s2006 ii b 001 0 eng | ||
| 010 | _a 2006348370 | ||
| 020 | _a8188683957 | ||
| 020 | _a9788188683956 | ||
| 025 | _aI-E-2006-348370; 61-18; 63-18; 70-18 | ||
| 037 |
_bLibrary of Congress -- New Delhi Overseas Office _cRs880.00 |
||
| 040 |
_aDLC _coclc _dDLC |
||
| 042 | _alcode | ||
| 043 | _aa-ii--- | ||
| 050 | 0 | 0 |
_aHQ1236.5.I4 _bS25 2006 |
| 082 |
_a320.082095478 _bSAL/W |
||
| 100 |
_aSalgaonkar, Seema P _92526 |
||
| 245 | 1 | 0 |
_aWomen, political power, and the state / _cSeema P. Salgaonkar. |
| 260 |
_aDelhi : _bAbhijeet Publications, _c2006. |
||
| 300 |
_axii, 292 p. ; _c22 cm. |
||
| 504 | _aIncludes bibliographical references (p. [278]-289) and index. | ||
| 650 | 0 |
_aWomen in development _zIndia _zGoa (State) |
|
| 906 |
_a7 _bcbc _corigode _d3 _encip _f20 _gy-gencatlg |
||
| 942 |
_2ddc _cBK _h320.082095478 _iSAL/W _k320.082095478 _mSAL/W |
||